Statistics for Alphabet as quickly as possible

Click here to take the quiz!

General Stats

  • This quiz has been taken 54 times
    (45 since last reset)
  • The average score is 22 of 26

Answer Stats

HintAnswer% Correct
aa
100%
bb
97%
cc
93%
ee
93%
ii
93%
dd
90%
ff
90%
gg
90%
hh
90%
jj
87%
kk
87%
oo
83%
pp
83%
rr
83%
tt
83%
uu
83%
ll
80%
mm
80%
nn
80%
qq
80%
vv
80%
ww
80%
yy
80%
zz
80%
ss
77%
xx
77%

Score Distribution

Percentile by Number Answered

Percent of People with Each Score

Your Score History

You have not taken this quiz since the last reset